| 000 | 00415nam a22001457a 4500 | ||
|---|---|---|---|
| 999 |
_c7600 _d7598 |
||
| 005 | 20210315151257.0 | ||
| 008 | 210315b ||||| |||| 00| 0 eng d | ||
| 082 | _a346.066 | ||
| 100 |
_aAIYAR, A.N _96466 |
||
| 245 | _aREPORTS OF COMPANY CASES INCLUDING CASES OF BANKING AND INSURENCE [VOL-84] | ||
| 260 |
_aMADRAS _bCOMPANY LAW INSTITUTE OF INDIA _c1995 |
||
| 300 | _ai-xxxv,p | ||
| 650 |
_aLAW _95701 |
||
| 942 | _cJRL | ||